| 000 | 01005nam a2200313 i 4500 | ||
|---|---|---|---|
| 001 | bg | ||
| 003 | BPK | ||
| 005 | 20200813145019.0 | ||
| 008 | 980521s1997 pl a f f |000 0 pol | ||
| 015 | _aPB 1998/5734 | ||
| 020 | _a8387012548 | ||
| 040 |
_aWA N _cBPK |
||
| 080 | _a532 | ||
| 080 | _a621.51/.54 | ||
| 080 | _a621.64/.69 | ||
| 080 | _a628 | ||
| 080 | _a(075.8) | ||
| 100 | 1 |
_aMitosek, Marek _eAutor |
|
| 245 | 1 | 0 |
_aMechanika płynów w inżynierii środowiska / _cMarek Mitosek. |
| 260 |
_aWarszawa : _bOficyna Wydawnicza Politechniki Warszawskiej, _c1997. |
||
| 300 |
_a331, [1] s. : _brys., wykr. ; _c24 cm. |
||
| 504 | _aBibliogr. s. 331-[332]. | ||
| 650 | 4 | _aInżynieria środowiska | |
| 655 | 4 | _aPodręczniki akademickie | |
| 650 | 4 | _aMechanika płynów | |
| 710 | 2 |
_aPolitechnika Warszawska. _bOficyna Wydawnicza. _4pbl. |
|
| 942 |
_2UKD _cKS |
||
| 856 |
_uhttp://koha.tu.koszalin.pl/cgi-bin/koha/opac-detail.pl?biblionumber=32382 _yKatalog online BPK |
||
| 999 |
_c32382 _d32382 |
||